Jazyková príprava na univerzitách vo vedomostnej spoločnosti

Vedomostná ekonomika a potreba jazykového vzdelávania. Dôležitosť ovládania cudzieho jazyka v profesii. Opodstatnenosť komunikácie vo vyučovaní cuzdích jazykov.

Gespeichert in:
Bibliographische Detailangaben
1. Verfasser: Igazová, Mária
Format: Buchkapitel
Sprache:Slowakisch
Schlagworte:
Tags: Tag hinzufügen
Keine Tags, Fügen Sie das erste Tag hinzu!

MARC

LEADER 00000naa a2200000 4500
001 0144412
005 20231207072436.7
041 0 |a slo 
044 |a SK 
245 1 0 |a Jazyková príprava na univerzitách vo vedomostnej spoločnosti  |c Mária Igazová 
520 |a Vedomostná ekonomika a potreba jazykového vzdelávania. Dôležitosť ovládania cudzieho jazyka v profesii. Opodstatnenosť komunikácie vo vyučovaní cuzdích jazykov. 
610 2 0 |a jazyky cudzie 
610 2 0 |a výučba vedecká 
610 2 0 |a univerzity 
610 2 0 |a spoločnosť vedomostná 
100 1 |a Igazová, Mária